书目信息 |
| 题名: |
After Effects CS4多媒体教学经典教程
|
|
| 作者: | 王一飞 主编 | |
| 分册: | ||
| 出版信息: | 北京 北京交通大学出版社 2011.01 |
|
| 页数: | 335页 | |
| 开本: | 26cm | |
| 丛书名: | ||
| 单 册: | ||
| 中图分类: | TP391.41 | |
| 科图分类: | ||
| 主题词: | 图象处理软件--高等学校--教材 , 图象处理软件 | |
| 电子资源: | ||
| ISBN: | 978-7-5121-0449-5 | |
| 000 | 01064nam0 2200289 450 | |
| 001 | 297583 | |
| 005 | 20110901145406.40 | |
| 010 | @a978-7-5121-0449-5@dCNY39.00 (含光盘) | |
| 100 | @a20110308d2011 em y0chiy50 ea | |
| 101 | 0 | @achi |
| 102 | @aCN@b110000 | |
| 105 | @aa z 000yy | |
| 106 | @ar | |
| 200 | 1 | @aAfter Effects CS4多媒体教学经典教程@f王一飞主编@AAfter Effects CS4 duo mei ti jiao xue jing dian jiao cheng |
| 210 | @a北京@c北京交通大学出版社@c清华大学出版社@d2011.01 | |
| 215 | @a335页@c图@d26cm@e光盘1片 | |
| 300 | @a高等院校艺术与设计规划教材·数字媒体艺术 | |
| 307 | @a附光盘:ISBN 978-7-900715-56-2 | |
| 330 | @a本书共10章,内容包括AfterEffectsCS4功能及特点,工作区面板;AfterEffectsCS4功能的基础操作;AfterEffectsCS4的4种常用特效,扭曲与生成特效,色彩校正与抠像处理特效及其他特效;文字的使用等。 | |
| 586 | @a | |
| 606 | 0 | @a图象处理软件@x高等学校@j教材 |
| 606 | 0 | @a图象处理软件 |
| 610 | 0 | @aAfter Effects |
| 690 | @aTP391.41@v5 | |
| 701 | 0 | @a王一飞@4主编@Awang yi fei |
| 801 | 0 | @aCN@c20110610 |
| 905 | @dTP391.41@eW420 | |
| After Effects CS4多媒体教学经典教程/王一飞主编.-北京:北京交通大学出版社:清华大学出版社,2011.01 |
| 335页:图;26cm+光盘1片 |
| 高等院校艺术与设计规划教材·数字媒体艺术 |
| ISBN 978-7-5121-0449-5:CNY39.00 (含光盘) |
| 本书共10章,内容包括AfterEffectsCS4功能及特点,工作区面板;AfterEffectsCS4功能的基础操作;AfterEffectsCS4的4种常用特效,扭曲与生成特效,色彩校正与抠像处理特效及其他特效;文字的使用等。 |
| ● |
| 相关链接 |
|
|
|
正题名:After Effects CS4多媒体教学经典教程
索取号:TP391.41/W420
 
预约/预借
| 序号 | 登录号 | 条形码 | 馆藏地/架位号 | 状态 | 备注 |
| 1 | 1015675 | 210156757 | 自科二线404/301自科库 65排5列4层/ [索取号:TP391.41/W420] | 在馆 | |
| 2 | 1015676 | 210156766 | 自科库301/301自科库 97排1列5层/ [索取号:TP391.41/W420] | 在馆 | |
| 3 | 1015677 | 210156775 | 期刊室512/301自科库 65排1列3层/ [索取号:TP391.41/W420] | 在馆 |